Melodrama and the nation : (Record no. 38785)
[ view plain ]
| 000 -LEADER | |
|---|---|
| fixed length control field | 00893nam a22002297a 4500 |
| 005 - DATE AND TIME OF LATEST TRANSACTION | |
| control field | 20100802161121.0 |
| 010 ## - LCCN (DPL NO) | |
| LC control number | ENG- 97626 |
| 020 ## - INTERNATIONAL STANDARD BOOK NUMBER | |
| International Standard Book Number | 8188965499 |
| Terms of availability | 595.00 |
| 035 ## - SYSTEM CONTROL NUMBER | |
| System control number | EN-81159 |
| 037 ## - SOURCE OF ACQUISITION | |
| Source of stock number/acquisition | DBAD/PUB |
| 082 ## - DEWEY DECIMAL CLASSIFICATION NUMBER | |
| Classification number | 791.43635380954792 |
| 245 ## - TITLE STATEMENT | |
| Title | Melodrama and the nation : |
| Remainder of title | sexual economies of bombay cinema 1970-2000 / |
| Statement of responsibility, etc | by Karen Gabriel |
| 260 ## - PUBLICATION, DISTRIBUTION, ETC. (IMPRINT) | |
| Place of publication, distribution, etc | New Delhi |
| Name of publisher, distributor, etc | Women Unlimited |
| Date of publication, distribution, etc | 2010 |
| 270 ## - ADDRESS | |
| Address | K 36, Hauz Khas Enclave, Ground Floor |
| City | New Delhi |
| Postal code | 110 016 |
| 300 ## - PHYSICAL DESCRIPTION | |
| Extent | xlii, 392p. |
| Dimensions | 22cm (Hb) |
| 500 ## - GENERAL NOTE | |
| General note | INcludes bibliographical references and index |
| 650 ## - SUBJECT ADDED ENTRY--TOPICAL TERM | |
| Topical term or geographic name as entry element | Motions Picture |
| 650 ## - SUBJECT ADDED ENTRY--TOPICAL TERM | |
| Topical term or geographic name as entry element | sex |
| 650 ## - SUBJECT ADDED ENTRY--TOPICAL TERM | |
| Topical term or geographic name as entry element | Gender identiy |
| 942 ## - ADDED ENTRY ELEMENTS (KOHA) | |
| Source of classification or shelving scheme | Dewey Decimal Classification |
| Item type | English Books |
| Classification part | 791.43635380954792 |
| Call number suffix | GAB |
| Withdrawn status | Lost status | Not for loan | Collection code | Home library | Current library | Date acquired | Source of acquisition | Cost, normal purchase price | Full call number | Barcode | Copy number | Cost, replacement price | Koha item type |
|---|---|---|---|---|---|---|---|---|---|---|---|---|---|
| Not For Loan | Non-fiction | D.B.Act.Division | D.B.Act.Division | 02/08/2010 | DBAD/PUB | 595.00 | 791.43635380954792 GAB | EN-81159 | 1 | 595.00 | English Books |
